事務所の所在地と名称が異なるナンバープレート - Statistics

General Stats
  • This quiz has been taken 82 times
    74 since last reset
  • The average score is 22 of 25
Answer Stats
管轄 Answer 事務所の所在地 % Correct
東北運輸局 宮城(宮城運輸支局) 仙台市
97%
関東運輸局 群馬(群馬運輸支局) 前橋市
95%
中部運輸局 飛騨(飛騨自動車検査登録事務所) 高山市
92%
中部運輸局 尾張小牧(小牧自動車検査登録事務所) 小牧市
92%
東北運輸局 岩手(岩手運輸支局) 紫波郡矢巾町
90%
関東運輸局 とちぎ(佐野自動車検査登録事務所) 佐野市
90%
関東運輸局 湘南(湘南自動車検査登録事務所) 平塚市
90%
関東運輸局 山梨(山梨運輸支局) 笛吹市
90%
北陸信越運輸局 石川(石川運輸支局) 金沢市
90%
中部運輸局 三重(三重運輸支局) 津市
90%
中部運輸局 三河(西三河自動車検査登録事務所) 豊田市
89%
近畿運輸局 奈良(奈良運輸支局) 大和郡山市
89%
中国運輸局 島根(島根運輸支局) 松江市
89%
四国運輸局 香川(香川運輸支局) 高松市
89%
四国運輸局 愛媛(愛媛運輸支局) 松山市
89%
関東運輸局 大宮(埼玉運輸支局) さいたま市
87%
沖縄総合事務局 沖縄(沖縄総合事務局運輸部) 浦添市
87%
関東運輸局 相模(相模自動車検査登録事務所) 愛甲郡愛川町
86%
関東運輸局 習志野(習志野自動車検査登録事務所) 船橋市
84%
関東運輸局 多摩(多摩自動車検査登録事務所) 国立市
84%
近畿運輸局 滋賀(滋賀運輸支局) 守山市
84%
近畿運輸局 なにわ(なにわ自動車検査登録事務所) 大阪市
83%
近畿運輸局 大阪(大阪運輸支局) 寝屋川市
83%
九州運輸局 筑豊(筑豊自動車検査登録事務所) 飯塚市
81%
東北運輸局 庄内(庄内自動車検査登録事務所) 東田川郡三川町
76%
No matching quizzes found
Score Distribution
Percent of People with Each Score
Percentile by Number Answered
Your Score History
You have not taken this quiz since the last reset